| 000 | 00492nam a22001577a 4500 | ||
|---|---|---|---|
| 008 | 230703b |||||||| |||| 00| 0 eng d | ||
| 040 |
_aNational Science Library _cNational Science Library |
||
| 080 |
_a504.03 _bN1 |
||
| 100 | _aMohan, Hari | ||
| 245 | _aपर्यावरण और लोक-अनुभव | ||
| 246 | _aParyavaran aur lok-anubhav | ||
| 260 |
_aNew Delhi: _bTakshila Prakashan, _c1991 |
||
| 300 | _a140p. | ||
| 650 | _aEnvironmental science | ||
| 942 |
_2udc _cHBK |
||
| 999 |
_c48944 _d48944 |
||